000 00371nam a22001697a 4500
003 SGT
020 _a9788180619328
082 _a617.7
_bC25C
100 _aCHAUDHRY, MONIKA
245 _aCONTACT LENS PRIMER
250 _a1ST
260 _aINDIA
_bJAYPEE PUB
_c2025
300 _a273
650 _aOPHTHALMOLOGY
653 _aCONTACT LENS PRIMER
942 _2ddc
_cBK
999 _c33744
_d33744